| 000 | 00729nam a2200217 u 4500 | ||
|---|---|---|---|
| 001 | 000002517 | ||
| 005 | 20241010113234.0 | ||
| 008 | 090702s2001 es a r 000 0 spa d | ||
| 020 | _a8485840909 | ||
| 040 |
_aDO-SdBNP _bspa _cBNPHU |
||
| 100 | 1 |
_aTolchinsky, Liliana _97916 |
|
| 245 | 1 | 0 |
_aEscribir y leer a través del curriculum / _cLiliana Tolchinsky, Rosa Simó. |
| 260 |
_aBarcelona : _bICE ; HORSORI, _c2001. |
||
| 300 |
_a175 p. : _bil. ; _c21 cm. |
||
| 440 | 0 |
_aCuadernos de educación _v36 _97917 |
|
| 504 | _aIncluye referencias bibliográficas y notas al pie de las páginas | ||
| 650 | 4 |
_aEscritura _xEnseñanza _97918 |
|
| 650 | 4 |
_aLectura elementar _97919 |
|
| 650 | 0 |
_aPedagogía _9693 |
|
| 700 | 1 |
_aSimó, Rosa _97920 |
|
| 999 |
_c2353 _d2353 |
||